Materials Science and engineering an introduction (Record no. 565886)
[ view plain ]
| 000 -LEADER | |
|---|---|
| fixed length control field | 00289nam a2200097Ia 4500 |
| 008 - FIXED-LENGTH DATA ELEMENTS--GENERAL INFORMATION | |
| fixed length control field | 210430s9999 xx 000 0 und d |
| 082 ## - DEWEY DECIMAL CLASSIFICATION NUMBER | |
| Classification number | 620.11 C141M |
| 100 ## - MAIN ENTRY--PERSONAL NAME | |
| Personal name | Callister William |
| 9 (RLIN) | 54960 |
| 245 ## - TITLE STATEMENT | |
| Title | Materials Science and engineering an introduction |
| Statement of responsibility, etc. | Callister William |
| 942 ## - ADDED ENTRY ELEMENTS (KOHA) | |
| Koha item type | Book |
| Source of classification or shelving scheme | |
| Withdrawn status | Lost status | Damaged status | Not for loan | Permanent Location | Current Location | Shelving location | Date acquired | Total Checkouts | Total Renewals | Full call number | Barcode | Checked out | Date last seen | Date last checked out | Price effective from | Koha item type |
|---|---|---|---|---|---|---|---|---|---|---|---|---|---|---|---|---|
| School of Chemical & Materials Engineering (SCME) | School of Chemical & Materials Engineering (SCME) | Book Cart | 8 | 4 | 620.11 C141M | SCME- D127 | 03/12/2026 | 07/03/2025 | 07/03/2025 | 04/30/2021 | Book |
